Introduction to Neural Networks Using Matlab 6.0 (Record no. 5668)

MARC details
000 -LEADER
fixed length control field 00359nam a2200145Ia 4500
008 - FIXED-LENGTH DATA ELEMENTS--GENERAL INFORMATION
fixed length control field 191201s2012 xx 000 0 und d
082 ## - DEWEY DECIMAL CLASSIFICATION NUMBER
Classification number 006.32
Item number SII
100 ## - MAIN ENTRY--PERSONAL NAME
Personal name SIVANANDAM, S N
245 #0 - TITLE STATEMENT
Title Introduction to Neural Networks Using Matlab 6.0
250 ## - EDITION STATEMENT
Edition statement Rep
260 ## - PUBLICATION, DISTRIBUTION, ETC. (IMPRINT)
Place of publication, distribution, etc N. Delhi
Name of publisher, distributor, etc TMH
Date of publication, distribution, etc 2012
300 ## - PHYSICAL DESCRIPTION
Extent 656
650 ## - SUBJECT ADDED ENTRY--TOPICAL TERM
Topical term or geographic name as entry element B.Tech(CSE)
942 ## - ADDED ENTRY ELEMENTS (KOHA)
Source of classification or shelving scheme Dewey Decimal Classification
Koha item type Text Books
Holdings
Withdrawn status Lost status Source of classification or shelving scheme Damaged status Not for loan Collection code Home library Current library Date acquired Source of acquisition Cost, normal purchase price Bill Number Total Checkouts Full call number Acc. no. / Barcode Date last seen Date last borrowed Bill Date Koha item type
    Dewey Decimal Classification     B.Tech(CSE) PIET C-LIBRARY PIET C-LIBRARY 09/05/2013 IBH, New Delhi 499.00 1021 10 006.32 SII 21986 02/02/2023 01/02/2023 06/05/2013 Text Books
    Dewey Decimal Classification     B.Tech(CSE) PIET C-LIBRARY PIET C-LIBRARY 09/05/2013 IBH, New Delhi 499.00 1021 8 006.32 SII 21987 27/12/2025 28/11/2025 06/05/2013 Text Books
    Dewey Decimal Classification     B.Tech(CSE) PIET C-LIBRARY PIET C-LIBRARY 09/05/2013 IBH, New Delhi 499.00 1021 10 006.32 SII 21988 27/12/2025 17/12/2025 06/05/2013 Text Books
    Dewey Decimal Classification     B.Tech(CSE) PIET C-LIBRARY PIET C-LIBRARY 09/05/2013 IBH, New Delhi 499.00 1021   006.32 SII 21989 04/12/2019   06/05/2013 Reference Books
    Dewey Decimal Classification     B.Tech(CSE) PIET C-LIBRARY PIET C-LIBRARY 09/05/2013 IBH, New Delhi 499.00 1021 14 006.32 SII 21990 27/12/2025 17/12/2025 06/05/2013 Text Books

Design & Developed by: PIET Central Library
R70 Miles Stone Pattikalyana Samalkha Panipat 132102
mail ID :- [email protected], Phone No:- 0180-2569700 Ex.216